Представление документа в формате RUSMARC

ПолеНазваниеЗначение
  Тип записи a
  Библиографический уровень a
001 Контрольный номер RU/CBS_UL/BASE/2183421f890a42b49ea68bff183b5a02
005 Дата корректировки 20260413165528.7
100 Данные общей обработки __
a Данные общей обработки 20260413 ||| 0rusy0189 ca
101 Язык документа 0_
a Язык текста rus
102 Страна публикации __
a Страна публикации RU
200 Заглавие и сведения об ответственности 1_
a Заглавие Вивьен Вествуд. Главный панк в мире моды
e Сведения, относящиеся к заглавию [о кутюрье В. Вествуд]
f Первые сведения об ответственности М. Соболева
300 Общие примечания __
a Общие примечания 16+
461 Уровень набора _0
1 2000
a Дарья. Биография
463 Уровень физической единицы _0
1 2000
a № 3
v С. 34-35 : фот.
1 2101
d 2026
1 001RU/CBS_UL/BASE/8a545d0a4e7c449cbd5f34bb5f136998
600 Персоналии _1
a Персоналии (Фамилия) Вествуд
b Персоналии (Имя, инициалы) В.
606 Тематические рубрики 0_
a Основная рубрика Вествуд, Вивьен (1941-2022)
610 Ключевые слова 0_
a Ключевые слова модельеры, британские модельеры, высокая мода, панк (стили), командоры ордена Британской империи, дизайнеры
686 Индексы других классификаций __
2 Код системы rubbk
a Классификационный индекс 37.24
700 Автор _1
a Фамилия Соболева
b Имя (инициалы) М.
801 Источник записи _0
a Страна RU
b Организация МБУК ЦБС г. Ульяновска
c Дата составления 20260413
g Правила каталогизации RCR
801 Источник записи _1
a Страна RU
b Организация МБУК ЦБС г. Ульяновска
c Дата составления 20260413
g Правила каталогизации RCR
901 Тип документа __
t Тип документа b
w Контрольный № источника RU/CBS_UL/BASE/8a545d0a4e7c449cbd5f34bb5f136998
909 Создатель записи __
a Создатель записи lib1